000 00976nam a22003137a 4500
001 BR8402018
003 BR-BrBNA
005 20230928091914.0
007 ta
008 230509b bl.||||| |||| 00| 0 por d
040 _aBR-BrBNA
_bpor
_cBiblioteca Nacional de Agricultura
041 _a(Por)
072 _aE30
_b/G514
090 _ E30 BR8402018
110 1 _aDelegacia Federal de Agricultura de Pernambuco, Recife (Brasil)
_93056
245 1 _aAcompanhamento analitico da execucao dos convenios e ajustes do Ministerio da Agricultura no estado de Pernambuco 4. trimestre de 1983 [Brasil]
260 3 _aRecife, PE (Brasil):
_c1984.
300 _a46 p.
500 _a30 tables
650 _aPOLITICA AGRICOLA
650 _aDESENVOLVIMENTO AGRICOLA
650 _aDEFESA VEGETAL
650 _aDEFESA ANIMAL
650 _aINSPECAO SANITARIA
650 _aPLANEJAMENTO AGRICOLA
650 _aPERNAMBUCO
909 _a202309
_bLucia
_c55
_dLucia Elande
942 _cBK
999 _c36133
_d36133